| 000 | 01217nam a22003497a 4500 | ||
|---|---|---|---|
| 003 | CHAP | ||
| 005 | 20220817042925.0 | ||
| 008 | 971013s1992 r 00010 d | ||
| 010 | _a59971 | ||
| 011 | _a60943 | ||
| 035 | _a65107 | ||
| 040 | _cCHAP | ||
| 090 | _aFolleto 14650 | ||
| 100 | 0 | 0 |
_aRaz-Guzmán, Andrea. _994875 |
| 245 | _aCatálogo ilustrado de cangrejos Braquiuros y Anomuros (Crustacea) de Laguna de Alvarado, Veracruz, México | ||
| 260 |
_aMéxico, D.F. : _bUniversidad Nacional Autónoma de México. Instituto de Biología, _c1992 |
||
| 300 |
_a51 h. _b: ilus. |
||
| 490 |
_aCuadernos del Instituto de Biología _v; 14 |
||
| 590 |
_aBATCH-UPD _b10 _c20130110 _lUCH01 _h0417 |
||
| 590 |
_aBATCH-UPD _b10 _c20130110 _lUCH01 _h2031 |
||
| 590 |
_aBATCH-UPD _b10 _c20130410 _lUCH01 _h0051 |
||
| 590 |
_aBATCH-UPD _b10 _c20130914 _lUCH01 _h0833 |
||
| 590 |
_aCONVERSION _b10 _c20130109 _lUCH01 _h1332 |
||
| 650 | 1 | 4 | _aCangrejos. |
| 650 | 1 | 4 |
_aCrustáceos. _929267 |
| 700 | 0 |
_aSánchez, Alberto J. _9107939 |
|
| 700 | 0 |
_aSoto, Luis A. _9108930 |
|
| 830 | 0 |
_aCuadernos del Instituto de Biología _v; 14 _929841 |
|
| 901 | _aBK | ||
| 942 | _cFOLL | ||
| 949 |
_aFolleto 14650 _bBC _cFOLL _d-144137 _eTS1 _i65107 _si |
||
| 999 |
_c59971 _d59971 |
||